[Event "I Open Hotel President A"]
[Site "Correggio ITA"]
[Date "2007.12.08"]
[Round "3"]
[White "Paoli, Walter"]
[Black "Molina, Fabrizio"]
[Result "0-1"]
[WhiteElo "2026"]
[BlackElo "2278"]
[PlyCount "108"]
[EventDate "2007.12.07"]

1. e4 e6 2. Qe2 c5 3. g3 Nc6 4. Nf3 g6 5. Bg2 Bg7 6. O-O Nge7 7. c3 O-O 8. a4
Na5 9. d4 Nb3 10. Ra3 Nxc1 11. Rxc1 Qc7 12. dxc5 Qxc5 13. Nbd2 d6 14. Nb3 Qc7
15. Rd1 b6 16. Nbd4 a6 17. Raa1 Bb7 18. Nd2 Rac8 19. Nf1 Rfd8 20. Ne3 e5 21.
Ndc2 f5 22. f3 Bh6 23. Kh1 Qc5 24. Qd3 fxe4 25. fxe4 a5 26. Bh3 Rb8 27. Be6+
Kg7 28. Nd5 Bxd5 29. Bxd5 Nxd5 30. Qxd5 Qf2 31. Qd3 Rf8 32. Rf1 Qc5 33. Qb5
Rbd8 34. Rad1 Qxb5 35. axb5 Rxf1+ 36. Rxf1 d5 37. Rd1 d4 38. cxd4 exd4 39. Rxd4
Rxd4 40. Nxd4 Kf6 41. Nc6 a4 42. Kg2 Bc1 43. Nb4 Bxb2 44. Kf3 Bd4 45. Ke2 Bc5
46. Na2 h5 47. h3 g5 48. g4 h4 49. Kd2 Ke5 50. Nc3 Kf4 51. Nxa4 Bg1 52. Kd3 Kg3
53. Ke2 Kxh3 54. Kf3 Bd4 0-1

[Event "I Open Hotel President A"]
[Site "Correggio ITA"]
[Date "2007.12.08"]
[Round "3"]
[White "Reggi, Matteo"]
[Black "Malfagia, Andrea"]
[Result "0-1"]
[WhiteElo "1856"]
[BlackElo "2244"]
[PlyCount "66"]
[EventDate "2007.12.07"]

1. e4 e6 2. d4 d5 3. Nc3 Bb4 4. Nge2 Nf6 5. Bg5 dxe4 6. a3 Be7 7. Bxf6 gxf6 8.
Nxe4 b6 9. N2c3 f5 10. Ng3 Bb7 11. Bc4 Bf6 12. Nge2 Qe7 13. Qd3 Nc6 14. O-O-O
O-O-O 15. Qe3 f4 16. Nxf4 Bxd4 17. Rxd4 Rxd4 18. Bb5 Rhd8 19. Nd3 Na5 20. Ne2
Re4 21. Qd2 Rxe2 22. Qxe2 Qg5+ 23. Qe3 Qxb5 24. Nb4 Nc4 25. Qc3 Qg5+ 26. Kb1
Nd2+ 27. Ka2 a5 28. Nd3 Ne4 29. Qe1 Qd5+ 30. Ka1 Qc4 31. f3 Qxc2 32. Ne5 Nf2
33. Qe3 Nd1 0-1

[Event "I Open Hotel President A"]
[Site "Correggio ITA"]
[Date "2007.12.08"]
[Round "3"]
[White "Rubini, Alessandro"]
[Black "Moi, Roberto"]
[Result "1/2-1/2"]
[WhiteElo "1733"]
[BlackElo "1939"]
[PlyCount "128"]
[EventDate "2007.12.07"]

1. e4 e5 2. f4 Nf6 3. fxe5 Nxe4 4. Nf3 Ng5 5. d4 Nxf3+ 6. Qxf3 Qh4+ 7. Qf2
Qxf2+ 8. Kxf2 d6 9. exd6 Bxd6 10. Bd3 Be6 11. Nd2 Nc6 12. c3 O-O-O 13. Ne4 Be7
14. Ng5 g6 15. Nxe6 fxe6 16. Re1 Rhf8+ 17. Kg1 Kd7 18. Bc4 e5 19. Bh6 Rf5 20.
g4 Rf4 21. Bxf4 exf4 22. Bb5 a6 23. Bxc6+ bxc6 24. Kg2 Rf8 25. Kf3 Bd6 26. Re2
c5 27. dxc5 Bxc5 28. Rd1+ Kc8 29. Rd5 Be3 30. c4 Rf7 31. b4 c6 32. Rd3 Rb7 33.
Rb2 Kc7 34. a4 Kc8 35. Rd6 Rc7 36. h4 Kb7 37. b5 axb5 38. axb5 cxb5 39. Rxb5+
Kc8 40. Rbd5 Rxc4 41. Rd8+ Kc7 42. R5d7+ Kb6 43. Rd6+ Kc5 44. Rc8+ Kxd6 45.
Rxc4 h5 46. gxh5 gxh5 47. Ra4 Ke6 48. Ra5 Kf6 49. Rxh5 Kg6 50. Rb5 Kh6 51. Kg4
Kg6 52. Rd5 Kh6 53. h5 Bc1 54. Rg5 Bd2 55. Rg6+ Kh7 56. Kf3 Bc1 57. Rb6 Bd2 58.
Rg6 Be3 59. Rg2 Kh6 60. Kg4 Kh7 61. Rh2 Kh6 62. Rh1 Bd2 63. Rf1 Be3 64. Rd1 Kh7
1/2-1/2

[Event "I Open Hotel President A"]
[Site "Correggio ITA"]
[Date "2007.12.08"]
[Round "3"]
[White "Scalcione, Michelangelo"]
[Black "Sciortino, Massimo"]
[Result "1-0"]
[WhiteElo "2357"]
[BlackElo "2221"]
[PlyCount "73"]
[EventDate "2007.12.07"]

1. Nf3 f5 2. c4 Nf6 3. g3 d6 4. d4 e6 5. Bg2 Be7 6. Nc3 O-O 7. O-O Ne4 8. Bd2
Bf6 9. Qc2 Nxd2 10. Qxd2 Qe8 11. e4 e5 12. dxe5 dxe5 13. exf5 Bxf5 14. Rfe1 Nc6
15. Nd5 Bd8 16. Qe3 e4 17. Nd4 Nxd4 18. Qxd4 c6 19. Bxe4 Qh5 20. Bxf5 cxd5 21.
Be6+ Kh8 22. Bxd5 Bf6 23. Qd2 Rad8 24. Rad1 b6 25. Kg2 g5 26. h3 Bg7 27. Re7
Rd6 28. Qe2 Qxe2 29. Rxe2 h5 30. Rd3 g4 31. hxg4 hxg4 32. Rdd2 Bh6 33. Rd4 Rg8
34. Rde4 Rg5 35. Re8+ Kh7 36. R2e7+ Bg7 37. Be4+ 1-0

[Event "I Open Hotel President A"]
[Site "Correggio ITA"]
[Date "2007.12.08"]
[Round "3"]
[White "Schiatti, Piero"]
[Black "Bertani, Gianfranco"]
[Result "0-1"]
[WhiteElo "2042"]
[BlackElo "2107"]
[PlyCount "46"]
[EventDate "2007.12.07"]

1. c4 f5 2. g3 Nf6 3. Bg2 e6 4. Nc3 Be7 5. d3 O-O 6. e4 fxe4 7. dxe4 Nc6 8. Nf3
Bc5 9. h3 e5 10. O-O d6 11. Qc2 Qe8 12. Nd5 Nxd5 13. cxd5 Ne7 14. b4 Bb6 15. a4
a5 16. b5 Bxh3 17. Bxh3 Rxf3 18. Kg2 Qh5 19. Ra3 Raf8 20. Rxf3 Qxf3+ 21. Kg1
Qxg3+ 22. Bg2 Ng6 23. Be3 Bxe3 0-1

[Event "I Open Hotel President A"]
[Site "Correggio ITA"]
[Date "2007.12.08"]
[Round "3"]
[White "Tagliagambe, Stefano"]
[Black "Zimina, Olga"]
[Result "0-1"]
[WhiteElo "2017"]
[BlackElo "2374"]
[PlyCount "94"]
[EventDate "2007.12.07"]

1. c4 c6 2. Nf3 d5 3. g3 Nf6 4. Bg2 Bg4 5. O-O Nbd7 6. d3 e6 7. Nbd2 Bd6 8. b3
O-O 9. Bb2 a5 10. Qc2 a4 11. e4 dxe4 12. dxe4 Bxf3 13. Nxf3 e5 14. Bc3 Qe7 15.
Rfe1 Rfe8 16. Rad1 Bb4 17. Bh3 axb3 18. axb3 Bxc3 19. Qxc3 Nc5 20. b4 Ncxe4 21.
Qc2 Ra3 22. Rd3 Qxb4 23. Rxe4 Ra1+ 24. Re1 Rxe1+ 25. Nxe1 Qxe1+ 26. Bf1 e4 27.
Re3 Qa5 28. Qb1 Qa7 29. h3 h6 30. Bg2 Qd4 31. Bf1 b6 32. Kg2 Ra8 33. Re1 Qc3
34. Re3 Ra1 35. Rxc3 Rxb1 36. Be2 Rb2 37. Bd1 Nd7 38. Rb3 Rxb3 39. Bxb3 Ne5 40.
Kf1 Kf8 41. Ke2 f5 42. Ke3 Ke7 43. Kd4 Kd6 44. Bd1 Nf3+ 45. Kc3 Ke5 46. Ba4 Nd4
47. Kd2 g5 0-1

[Event "I Open Hotel President A"]
[Site "Correggio ITA"]
[Date "2007.12.08"]
[Round "4"]
[White "Chierici, Marianna"]
[Black "Calavalle, Giulio"]
[Result "1-0"]
[WhiteElo "2040"]
[BlackElo "2238"]
[PlyCount "39"]
[EventDate "2007.12.07"]

1. e4 c5 2. c3 d5 3. exd5 Qxd5 4. d4 cxd4 5. cxd4 Nc6 6. Nf3 Bg4 7. Nc3 Bxf3 8.
Nxd5 Bxd1 9. Nc7+ Kd8 10. Nxa8 Bg4 11. f3 Bf5 12. d5 Nd4 13. Bf4 Nc2+ 14. Kd2
e5 15. Bxe5 Bb4+ 16. Kd1 Nf6 17. g4 Bg6 18. Rc1 Re8 19. Bg3 Re2 20. Kxe2 1-0

[Event "I Open Hotel President A"]
[Site "Correggio ITA"]
[Date "2007.12.08"]
[Round "4"]
[White "Dvirnyy, Danyyil"]
[Black "Caposciutti, Maurizio"]
[Result "1/2-1/2"]
[WhiteElo "2333"]
[BlackElo "2301"]
[PlyCount "32"]
[EventDate "2007.12.07"]

1. e4 c5 2. Nf3 Nc6 3. d4 cxd4 4. Nxd4 Nf6 5. Nc3 d6 6. Bc4 Qb6 7. Nb3 e6 8.
Be3 Qc7 9. f4 a6 10. Be2 b5 11. a3 Bb7 12. O-O Be7 13. Bf3 O-O 14. Rf2 Rfd8 15.
Rd2 Nd7 16. Be2 Nc5 1/2-1/2

[Event "I Open Hotel President A"]
[Site "Correggio ITA"]
[Date "2007.12.08"]
[Round "4"]
[White "Efimov, Igor"]
[Black "Buriani, Andrea"]
[Result "1-0"]
[WhiteElo "2446"]
[BlackElo "2138"]
[PlyCount "83"]
[EventDate "2007.12.07"]

1. d4 d5 2. Nf3 Nf6 3. c4 c6 4. Qc2 dxc4 5. Qxc4 Bf5 6. g3 Nbd7 7. Bg2 Nb6 8.
Qb3 Bxb1 9. Rxb1 Qd5 10. Qc2 Qxa2 11. O-O e6 12. Bg5 Qc4 13. Qd1 Rd8 14. Ra1 a6
15. e4 Be7 16. Re1 Nbd7 17. Bf1 Qb4 18. Bd2 Qxb2 19. Ba5 b6 20. Rb1 Qa3 21. Bd2
e5 22. dxe5 Ng4 23. e6 fxe6 24. h3 Nde5 25. Nxe5 Nxe5 26. Qh5+ Ng6 27. Be3 b5
28. Ra1 Qb4 29. Qg4 O-O 30. Qxe6+ Kh8 31. Reb1 Qc3 32. Rc1 Qb2 33. Qxc6 Rf6 34.
Qc2 Qe5 35. f4 Qh5 36. e5 Re6 37. Kh2 Qf3 38. Qf2 Qxf2+ 39. Bxf2 Nf8 40. h4 Rd2
41. Kg1 g6 42. Bh3 1-0

[Event "I Open Hotel President A"]
[Site "Correggio ITA"]
[Date "2007.12.08"]
[Round "4"]
[White "Fiorentini, Paolo"]
[Black "Reggi, Matteo"]
[Result "1-0"]
[WhiteElo "1984"]
[BlackElo "1856"]
[PlyCount "87"]
[EventDate "2007.12.07"]

1. d4 d5 2. Nf3 Nc6 3. c4 Bg4 4. Nc3 e6 5. Bf4 Nf6 6. e3 Bb4 7. Qb3 O-O 8. a3
Bxc3+ 9. Qxc3 Ne4 10. Qc2 Bf5 11. Bd3 Na5 12. cxd5 Qxd5 13. b4 Nc6 14. O-O a6
15. Rfd1 Nf6 16. Bxf5 exf5 17. Ne5 Ne4 18. Nxc6 bxc6 19. Bxc7 Rac8 20. Bg3 Rfe8
21. Rac1 Re6 22. Qc4 Qd7 23. d5 Rd8 24. f3 cxd5 25. Qxd5 Nf6 26. Qxd7 Nxd7 27.
Rxd7 Rde8 28. Bf2 g5 29. Rdc7 Kg7 30. R7c6 h5 31. Rxe6 Rxe6 32. Rc5 Rd6 33. Kf1
Kg6 34. b5 axb5 35. Rxb5 Ra6 36. Rb3 h4 37. e4 fxe4 38. Rb6+ Rxb6 39. Bxb6 exf3
40. gxf3 Kf6 41. Bd8+ Ke6 42. Bxg5 h3 43. Kf2 f6 44. Bd2 1-0

[Event "I Open Hotel President A"]
[Site "Correggio ITA"]
[Date "2007.12.08"]
[Round "4"]
[White "Gilevych, Artem"]
[Black "Barletta, Mauro"]
[Result "0-1"]
[WhiteElo "2060"]
[BlackElo "2248"]
[PlyCount "62"]
[EventDate "2007.12.07"]

1. Nf3 d5 2. d4 Nf6 3. c4 e6 4. Nc3 Nbd7 5. cxd5 exd5 6. Bg5 Be7 7. Qc2 c6 8.
e3 Nh5 9. Bxe7 Qxe7 10. g4 Nhf6 11. Bd3 Nxg4 12. Rg1 Nb6 13. O-O-O Qf6 14. Rg3
h5 15. Qe2 h4 16. Rg2 Nh6 17. Rdg1 Bh3 18. Rxg7 O-O-O 19. R7g5 Rhg8 20. Rxg8
Rxg8 21. Rxg8+ Nxg8 22. Ng1 Be6 23. Qf3 Qg5 24. Nce2 Nh6 25. Kd2 Ng4 26. Qg2
Qe7 27. h3 Qb4+ 28. Kc2 Nc4 29. Bxc4 Qxc4+ 30. Nc3 Bf5+ 31. e4 Bxe4+ 0-1

[Event "I Open Hotel President A"]
[Site "Correggio ITA"]
[Date "2007.12.08"]
[Round "4"]
[White "Lucchi, Lorenzo"]
[Black "Bonade', Massimo"]
[Result "1-0"]
[WhiteElo "2003"]
[BlackElo "2168"]
[PlyCount "81"]
[EventDate "2007.12.07"]

1. e4 c5 2. Nf3 d6 3. g3 Nf6 4. d3 g6 5. Bg2 Bg7 6. O-O O-O 7. Nbd2 Nc6 8. Re1
Qc7 9. Nf1 b5 10. Qe2 Bg4 11. Ne3 Nd4 12. Qd1 Bxf3 13. Bxf3 Nxf3+ 14. Qxf3 e6
15. Bd2 a5 16. Bc3 Qd8 17. e5 Ne8 18. Ng4 h5 19. Nf6+ Nxf6 20. exf6 Bh8 21. b3
e5 22. Qc6 b4 23. Bb2 Bxf6 24. Qd5 Bg7 25. Re4 Ra6 26. f4 exf4 27. Bxg7 Kxg7
28. gxf4 a4 29. d4 Qa8 30. Qxa8 Rfxa8 31. dxc5 dxc5 32. bxa4 Rxa4 33. Rc4 R8a5
34. f5 gxf5 35. Rf1 Rxa2 36. Rxf5 Ra1+ 37. Kg2 R1a2 38. Kg1 Kg6 39. Rcf4 c4 40.
Rf6+ Kg5 41. h4# 1-0

[Event "I Open Hotel President A"]
[Site "Correggio ITA"]
[Date "2007.12.08"]
[Round "4"]
[White "Malfagia, Andrea"]
[Black "Frigieri, Fabrizio"]
[Result "1-0"]
[WhiteElo "2244"]
[BlackElo "2074"]
[PlyCount "169"]
[EventDate "2007.12.07"]

1. d4 d5 2. c4 e6 3. Nc3 c6 4. e3 Nf6 5. Nf3 Nbd7 6. Qc2 Bd6 7. Be2 dxc4 8.
Bxc4 b5 9. Be2 Bb7 10. O-O a6 11. e4 e5 12. Bg5 Qc7 13. dxe5 Bxe5 14. Nxe5 Qxe5
15. Bh4 O-O 16. f4 Qe6 17. Bf3 c5 18. Rfe1 Nb6 19. Rad1 Rfe8 20. Qf2 b4 21.
Bxf6 Qxf6 22. e5 Qe7 23. Bxb7 Qxb7 24. Ne4 Qc6 25. Qxc5 Qxc5+ 26. Nxc5 Rec8 27.
Rc1 Nd5 28. g3 a5 29. Kf2 g6 30. Red1 Nc3 31. bxc3 Rxc5 32. cxb4 Rxc1 33. Rxc1
axb4 34. Rc2 Ra3 35. Rb2 h5 36. Kg2 Kf8 37. Kh3 Ke7 38. Kh4 f6 39. Rxb4 Rxa2
40. Rb7+ Kf8 41. exf6 Rxh2+ 42. Kg5 Rh3 43. Kxg6 Rxg3+ 44. Kxh5 Rg1 45. Rg7 Rf1
46. Kg5 Rg1+ 47. Kf5 Rf1 48. Ra7 Re1 49. Ra5 Kf7 50. Re5 Rg1 51. Re7+ Kf8 52.
Re5 Kf7 53. Rb5 Re1 54. Rb7+ Kf8 55. f7 Ra1 56. Kf6 Ra6+ 57. Kg5 Rg6+ 58. Kf5
Rf6+ 59. Ke5 Ra6 60. f5 Ra1 61. Kf6 Ra6+ 62. Kg5 Ra1 63. Rc7 Rb1 64. Ra7 Rc1
65. Kg6 Rc6+ 66. Kg5 Rc1 67. Ra8+ Kxf7 68. Ra7+ Kf8 69. Kg6 Rg1+ 70. Kf6 Kg8
71. Ra8+ Kh7 72. Ra7+ Kg8 73. Ra8+ Kh7 74. Ke6 Rb1 75. Ra6 Kg8 76. Kf6 Rb2 77.
Ra8+ Kh7 78. Re8 Rf2 79. Re5 Ra2 80. Kf7 Rf2 81. f6 Kh6 82. Re3 Rf1 83. Re2 Rf3
84. Rh2+ Kg5 85. Kg7 1-0

[Event "I Open Hotel President A"]
[Site "Correggio ITA"]
[Date "2007.12.08"]
[Round "4"]
[White "Moi, Roberto"]
[Black "Tagliagambe, Stefano"]
[Result "1/2-1/2"]
[WhiteElo "1939"]
[BlackElo "2017"]
[PlyCount "56"]
[EventDate "2007.12.07"]

1. e4 c5 2. Nf3 e6 3. d4 cxd4 4. Nxd4 Nc6 5. Be3 Qc7 6. Nb5 Qb8 7. c4 Nf6 8.
N1c3 a6 9. Nd4 d6 10. Be2 Be7 11. f4 Qc7 12. O-O O-O 13. Qe1 Nd7 14. f5 Nde5
15. Qg3 Nxd4 16. Bxd4 Bf6 17. Kh1 Bd7 18. Rac1 Kh8 19. Qe3 Rac8 20. b3 Qd8 21.
Rfd1 Qe8 22. g4 h6 23. Rg1 Qe7 24. Qh3 Bc6 25. Rg3 Bh4 26. Bxe5 dxe5 27. Rd3
Rfd8 28. Kg2 Bf6 1/2-1/2

[Event "I Open Hotel President A"]
[Site "Correggio ITA"]
[Date "2007.12.08"]
[Round "4"]
[White "Molina, Fabrizio"]
[Black "Scalcione, Michelangelo"]
[Result "1-0"]
[WhiteElo "2278"]
[BlackElo "2357"]
[PlyCount "73"]
[EventDate "2007.12.07"]

1. c4 c5 2. Nf3 Nc6 3. Nc3 e5 4. g3 g6 5. Bg2 Bg7 6. d3 Nge7 7. Rb1 O-O 8. a3
a5 9. O-O d6 10. Ne1 Be6 11. Nd5 Rb8 12. Bg5 f6 13. Bd2 b5 14. cxb5 Rxb5 15.
Qa4 Nd4 16. e3 Nxd5 17. exd4 Qd7 18. dxc5 dxc5 19. Qc2 Rfb8 20. Bf3 f5 21. Ng2
Ne7 22. Bc3 Nc6 23. Bxc6 Qxc6 24. Rfe1 Bd5 25. Ne3 Ba2 26. Rbc1 Bb3 27. Qe2 Qe6
28. Nc4 a4 29. Bxe5 Bxc4 30. dxc4 Rxb2 31. Bxb2 Qxe2 32. Rxe2 Rxb2 33. Rxb2
Bxb2 34. Rb1 Bxa3 35. Ra1 Bb4 36. Rxa4 Kf7 37. Ra7+ 1-0

[Event "I Open Hotel President A"]
[Site "Correggio ITA"]
[Date "2007.12.08"]
[Round "4"]
[White "Prati, Alessandro"]
[Black "Schiatti, Piero"]
[Result "1/2-1/2"]
[WhiteElo "1877"]
[BlackElo "2042"]
[PlyCount "53"]
[EventDate "2007.12.07"]

1. d4 e6 2. Nf3 f5 3. g3 Nf6 4. Bg2 Be7 5. c4 O-O 6. O-O Ne4 7. Qc2 d5 8. Nc3
c6 9. Bf4 Nd7 10. Ne5 Bf6 11. f3 Nxc3 12. Qxc3 Bxe5 13. Bxe5 Nxe5 14. dxe5 Bd7
15. f4 Qb6+ 16. c5 Qc7 17. Rfd1 b6 18. Rac1 bxc5 19. Qxc5 Qb6 20. Rd2 Rfd8 21.
e3 Qxc5 22. Rxc5 Kf8 23. Kf2 Ke7 24. Bf3 Rdb8 25. Be2 Rb6 26. Rdc2 a5 27. Ke1
1/2-1/2

[Event "I Open Hotel President A"]
[Site "Correggio ITA"]
[Date "2007.12.08"]
[Round "4"]
[White "Raineri, Valerio"]
[Black "Guglielmi, Dante"]
[Result "1-0"]
[WhiteElo "2144"]
[BlackElo "1925"]
[PlyCount "51"]
[EventDate "2007.12.07"]

1. e4 c5 2. Nf3 d6 3. d4 cxd4 4. Nxd4 Nf6 5. Nc3 a6 6. Be3 Ng4 7. Bc1 Nf6 8. f3
g6 9. Be3 Bg7 10. Qd2 O-O 11. Bc4 Nc6 12. h4 h5 13. O-O-O Ne5 14. Bb3 b5 15.
Bh6 Nc4 16. Bxc4 bxc4 17. g4 hxg4 18. h5 e6 19. hxg6 fxg6 20. Bxg7 Kxg7 21.
Qh6+ Kf7 22. fxg4 Rg8 23. g5 Nh5 24. Rdf1+ Ke8 25. Rxh5 gxh5 26. Qxh5+ 1-0

[Event "I Open Hotel President A"]
[Site "Correggio ITA"]
[Date "2007.12.08"]
[Round "4"]
[White "Rubini, Alessandro"]
[Black "De Biaggi, Paolo"]
[Result "1/2-1/2"]
[WhiteElo "1733"]
[BlackElo "1949"]
[PlyCount "126"]
[EventDate "2007.12.07"]

1. e4 e6 2. d4 d5 3. Nc3 Nf6 4. Bg5 Be7 5. e5 Nfd7 6. Bxe7 Qxe7 7. a3 a6 8. Qg4
f5 9. Qh5+ g6 10. Qh6 c5 11. dxc5 Qxc5 12. Qg7 Qf8 13. Qxf8+ Kxf8 14. f4 Nc6
15. O-O-O b5 16. Nf3 Bb7 17. Ne2 Ke7 18. Ned4 Nxd4 19. Nxd4 Nc5 20. Bd3 Rac8
21. c3 Rc7 22. Kb1 Rhc8 23. h3 h5 24. Rhg1 Rg8 25. Bc2 Rcc8 26. g3 Rcf8 27. Rd2
Nd7 28. Rf2 Rg7 29. g4 fxg4 30. hxg4 hxg4 31. Rxg4 Nxe5 32. Rg5 Nc4 33. Rxg6
Rxg6 34. Bxg6 e5 35. Re2 Kf6 36. fxe5+ Kxg6 37. Rg2+ Kh5 38. Rh2+ Kg4 39. Rg2+
Kh3 40. Rg7 Bc8 41. e6 Re8 42. e7 Bd7 43. Ne2 Ne3 44. Nf4+ Kh2 45. Kc1 Nf5 46.
Rg2+ Kh1 47. Rg4 Rxe7 48. Nxd5 Re5 49. Nf6 Be6 50. Ne4 Ne3 51. Nf2+ Kh2 52. Re4
Rxe4 53. Nxe4 Bf5 54. Nc5 Bc8 55. a4 Kg3 56. axb5 axb5 57. Ne4+ Kf4 58. Nd2 Be6
59. b3 Nf5 60. Kb2 Ke3 61. Nb1 Kd3 62. Na3 Bd7 63. c4 Nd4 1/2-1/2

[Event "I Open Hotel President A"]
[Site "Correggio ITA"]
[Date "2007.12.08"]
[Round "4"]
[White "Sciortino, Massimo"]
[Black "Paoli, Walter"]
[Result "1-0"]
[WhiteElo "2221"]
[BlackElo "2026"]
[PlyCount "116"]
[EventDate "2007.12.07"]

1. e4 d5 2. exd5 Qxd5 3. Nc3 Qd6 4. Bc4 Nf6 5. Nge2 c6 6. d3 Bg4 7. O-O e6 8.
Re1 Bxe2 9. Nxe2 Be7 10. Bf4 Qd8 11. Ng3 O-O 12. Qf3 Nbd7 13. Rab1 Nb6 14. Bb3
Nfd5 15. Bc1 Bg5 16. Bxg5 Qxg5 17. c3 Qf4 18. Qh5 Nf6 19. Qe2 Rad8 20. d4 Nbd5
21. a3 g6 22. h3 Qd6 23. Ne4 Nxe4 24. Qxe4 Nf6 25. Qh4 Nh5 26. Re5 Rfe8 27.
Rbe1 Qe7 28. Qe4 Nf6 29. Qf3 Nd7 30. R5e2 Qf6 31. Qg4 Re7 32. f4 Nb6 33. Qf3
Nd5 34. Rf1 Red7 35. g4 Ne7 36. Qg3 Kh8 37. Re5 Rg8 38. Bc2 Rd5 39. Be4 Rdd8
40. Rf2 Nf5 41. Bxf5 gxf5 42. g5 Qg6 43. Rg2 Rd6 44. Qe3 Qh5 45. Rxf5 exf5 46.
Qe5+ Rg7 47. Qxd6 Qxh3 48. Qb8+ Rg8 49. Qe5+ Rg7 50. Re2 h5 51. Re3 Qg4+ 52.
Kf2 h4 53. Qd6 f6 54. Re8+ Kh7 55. Qb8 Qg3+ 56. Ke2 Qg2+ 57. Kd3 Qd5 58. Rh8+
Kg6 1-0

[Event "I Open Hotel President A"]
[Site "Correggio ITA"]
[Date "2007.12.08"]
[Round "4"]
[White "Zimina, Olga"]
[Black "Bertani, Gianfranco"]
[Result "1-0"]
[WhiteElo "2374"]
[BlackElo "2107"]
[PlyCount "73"]
[EventDate "2007.12.07"]

1. e4 c5 2. Nf3 d6 3. Bb5+ Bd7 4. Bxd7+ Qxd7 5. c4 Nc6 6. Nc3 g6 7. d4 cxd4 8.
Nxd4 Bg7 9. Nde2 Nh6 10. h3 f6 11. Nf4 Nf7 12. O-O Rc8 13. Be3 b6 14. Rc1 O-O
15. b3 Kh8 16. Nfe2 Rg8 17. f4 Rcf8 18. Qc2 Qb7 19. Nd4 Nxd4 20. Bxd4 Bh6 21.
Be3 g5 22. f5 Ne5 23. Qe2 Rf7 24. Qh5 Bf8 25. Bd4 Rgg7 26. Bxe5 dxe5 27. Qg4 h5
28. Qxh5+ Rh7 29. Qg4 Rh4 30. Qg3 e6 31. fxe6 Bc5+ 32. Kh1 Rfh7 33. Rcd1 Bd4
34. Nd5 R7h6 35. Rxf6 Rxf6 36. Nxf6 Qg7 37. e7 1-0

[Event "I Open Hotel President A"]
[Site "Correggio ITA"]
[Date "2007.12.09"]
[Round "5"]
[White "Barletta, Mauro"]
[Black "Zimina, Olga"]
[Result "0-1"]
[WhiteElo "2248"]
[BlackElo "2374"]
[PlyCount "104"]
[EventDate "2007.12.07"]

1. e4 c6 2. d4 d5 3. exd5 cxd5 4. Bd3 Nc6 5. c3 Nf6 6. Bf4 Bg4 7. Qb3 Qd7 8.
Nd2 e6 9. Ngf3 a6 10. Ne5 Nxe5 11. dxe5 Ng8 12. O-O Bc5 13. Qc2 Ne7 14. Nb3 Ba7
15. Rfe1 Bf5 16. Rad1 Rc8 17. Be3 b5 18. Qe2 O-O 19. Bxa7 Qxa7 20. Nd4 Bg6 21.
h4 Nc6 22. h5 Nxd4 23. cxd4 Bxd3 24. Rxd3 Rc4 25. Qg4 Qe7 26. Rg3 g6 27. Ree3
Rfc8 28. Ref3 Rc1+ 29. Kh2 Re1 30. hxg6 hxg6 31. Rf6 Qe8 32. Rh3 Rcc1 33. Qf4
Rh1+ 34. Kg3 Qe7 35. Qd2 Qc7 36. Rxh1 Rxh1 37. Rf3 a5 38. Rc3 Qd8 39. Qf4 b4
40. Rc5 Kg7 41. b3 g5 42. Qe3 g4 43. Kxg4 Qh4+ 44. Kf3 Qh5+ 45. Kg3 Qg6+ 46.
Kf3 Qh5+ 47. Kg3 Qg6+ 48. Kf3 Rh4 49. g3 Qg4+ 50. Kg2 Qh3+ 51. Kf3 Qh1+ 52. Ke2
Re4 0-1

[Event "I Open Hotel President A"]
[Site "Correggio ITA"]
[Date "2007.12.09"]
[Round "5"]
[White "Bertani, Gianfranco"]
[Black "Raineri, Valerio"]
[Result "1-0"]
[WhiteElo "2107"]
[BlackElo "2144"]
[PlyCount "67"]
[EventDate "2007.12.07"]

1. Nf3 Nf6 2. b3 g6 3. Bb2 Bg7 4. c4 d6 5. d4 O-O 6. Nbd2 Nfd7 7. Qc2 e5 8. e3
Qe7 9. Be2 f5 10. d5 a5 11. O-O g5 12. a3 g4 13. Ne1 e4 14. g3 Bxb2 15. Qxb2
Ne5 16. Ng2 Nbd7 17. Nf4 Nf6 18. b4 a4 19. Rfd1 h5 20. Nf1 Rf7 21. Rac1 Rh7 22.
c5 h4 23. cxd6 Qxd6 24. b5 b6 25. Rc6 Nxc6 26. dxc6 Qe7 27. Ng6 Qf7 28. Rd8+
Kg7 29. Ne5 Qe7 30. Qd4 Qxa3 31. Nd7 Qe7 32. Nxf6 Kg6 33. Nxh7 Qxh7 34. Bc4 1-0

[Event "I Open Hotel President A"]
[Site "Correggio ITA"]
[Date "2007.12.09"]
[Round "5"]
[White "Bonade', Massimo"]
[Black "Chierici, Marianna"]
[Result "0-1"]
[WhiteElo "2168"]
[BlackElo "2040"]
[PlyCount "86"]
[EventDate "2007.12.07"]

1. d4 d6 2. Nf3 Nd7 3. c4 e5 4. Nc3 Ngf6 5. e4 Be7 6. Be2 c6 7. O-O O-O 8. Re1
Re8 9. Bf1 Bf8 10. Qc2 exd4 11. Nxd4 a5 12. Bg5 h6 13. Bh4 Ne5 14. Rad1 Ng6 15.
Bxf6 Qxf6 16. a3 Re5 17. b4 axb4 18. axb4 Rh5 19. Be2 Rg5 20. Nf3 Ra3 21. e5
dxe5 22. Nxg5 Qxg5 23. Ne4 Qh4 24. g3 Qh3 25. Bf1 Qh5 26. Rd8 Bg4 27. Qb2 Rf3
28. Qd2 Kh7 29. Nd6 Be7 30. Re8 Bg5 31. Qc2 Rf6 32. Ne4 Re6 33. Rxe6 Bxe6 34.
Nxg5+ Qxg5 35. Bd3 f5 36. Ra1 e4 37. Bf1 Ne5 38. Qc1 Qh5 39. h4 g5 40. Ra7 Nf3+
41. Kh1 gxh4 42. Rxb7+ Kg6 43. g4 Qxg4 0-1

[Event "I Open Hotel President A"]
[Site "Correggio ITA"]
[Date "2007.12.09"]
[Round "5"]
[White "Buriani, Andrea"]
[Black "Fiorentini, Paolo"]
[Result "1-0"]
[WhiteElo "2138"]
[BlackElo "1984"]
[PlyCount "79"]
[EventDate "2007.12.07"]

1. d4 Nf6 2. Nf3 e6 3. e3 c5 4. Nbd2 cxd4 5. exd4 b6 6. Bd3 Bb7 7. O-O Be7 8.
c4 O-O 9. b3 Re8 10. Bb2 d6 11. Qe2 Nbd7 12. Rad1 Rc8 13. Rfe1 Bf8 14. Nf1 d5
15. N1d2 Nb8 16. Ne5 Nc6 17. Ndf3 Nb4 18. Bb1 h6 19. a3 Nc6 20. Nxc6 Rxc6 21.
Ne5 Rc7 22. Qd3 dxc4 23. bxc4 Qa8 24. Ng4 Ne4 25. f3 f5 26. fxe4 fxg4 27. Rd2
Qc8 28. Rc1 Ba6 29. Rdc2 Rd8 30. e5 Rf7 31. Qg6 Rf5 32. Re2 Bxc4 33. Bxf5 exf5
34. Rf2 g3 35. hxg3 Qa6 36. Qxf5 b5 37. a4 Be6 38. Qg6 Rb8 39. Rc7 Qb6 40.
Rxf8+ 1-0

[Event "I Open Hotel President A"]
[Site "Correggio ITA"]
[Date "2007.12.09"]
[Round "5"]
[White "Calavalle, Giulio"]
[Black "Prati, Alessandro"]
[Result "1-0"]
[WhiteElo "2238"]
[BlackElo "1877"]
[PlyCount "45"]
[EventDate "2007.12.07"]

1. e4 c5 2. Nc3 Nc6 3. Bc4 e6 4. d3 Nge7 5. Bg5 a6 6. Nge2 Qc7 7. a4 d6 8. O-O
h6 9. Be3 Ne5 10. Ba2 Ng4 11. Bf4 g5 12. Bd2 Bg7 13. Ng3 Nf6 14. f4 g4 15. f5
Bd7 16. Rb1 b5 17. Nce2 d5 18. e5 exf5 19. exf6 Bxf6 20. Bf4 Qb6 21. Nh5 Bg5
22. Qd2 Qg6 23. Neg3 1-0

[Event "I Open Hotel President A"]
[Site "Correggio ITA"]
[Date "2007.12.09"]
[Round "5"]
[White "Caposciutti, Maurizio"]
[Black "Lucchi, Lorenzo"]
[Result "1-0"]
[WhiteElo "2301"]
[BlackElo "2003"]
[PlyCount "139"]
[EventDate "2007.12.07"]

1. e4 d6 2. d4 Nf6 3. Nc3 e5 4. Nf3 Nbd7 5. Bc4 Nb6 6. Bb3 exd4 7. Qxd4 Be6 8.
Bxe6 fxe6 9. e5 dxe5 10. Qxe5 Qd6 11. Qe2 O-O-O 12. O-O Qd7 13. Ne5 Qe8 14. Ne4
Nbd7 15. Bf4 Nxe5 16. Bxe5 Nxe4 17. Qxe4 Qg6 18. Qc4 Bd6 19. Rae1 Bxe5 20. Rxe5
Rd6 21. Rfe1 Rhd8 22. g3 Rc6 23. Rc5 Rxc5 24. Qxc5 a6 25. c3 Rd6 26. a4 Qf5 27.
Qe3 Kd7 28. h4 Rd3 29. Qe2 Rd5 30. Qe3 Rd3 31. Qe2 Rd6 32. Kg2 Qd5+ 33. Qf3 Kc6
34. Re4 Kd7 35. Qf7+ Kc6 36. Qf3 Kd7 37. b4 Qd3 38. Re3 Qd1 39. Qf7+ Kc6 40.
Qxg7 Qd4 41. Kg1 Qd1+ 42. Kg2 Qd5+ 43. Kh2 Qf5 44. Re2 Qf3 45. Qe5 Kd7 46. Qg7+
Kc8 47. Qg8+ Rd8 48. Qxe6+ Kb8 49. Qe3 Qc6 50. a5 Rf8 51. Qe5 Qh6 52. Kg2 Qc6+
53. Kh2 Qh6 54. Qe4 Qg7 55. c4 Qc3 56. c5 Rd8 57. c6 bxc6 58. Rc2 Qg7 59. Qxc6
Rd6 60. Qe8+ Kb7 61. Qe4+ c6 62. Re2 Qc7 63. Qe5 h6 64. Qc5 Rd7 65. Re6 h5 66.
b5 axb5 67. a6+ Kb8 68. Rxc6 Qd8 69. Rb6+ Ka8 70. Qc6+ 1-0